|
|
|
|
| LEADER |
00000cam a2200000 7i4500 |
| 001 |
0000055855 |
| 005 |
20151130.0 |
| 008 |
151130 |
| 020 |
|
|
|a 0847812308
|
| 020 |
|
|
|a 9780847812308
|
| 090 |
0 |
0 |
|a 391.7
|b MAS
|
| 100 |
1 |
|
|a Mascetti, Daniela
|
| 245 |
1 |
0 |
|a Earrings :
|b From antiquity to the present
|c Daniela Mascetti
|
| 260 |
|
|
|a New York :
|b Rizzoli International Publications, Inc. ,
|c 1990
|
| 300 |
|
|
|a 217 pg :
|b (i)bw & col
|
| 500 |
|
|
|a Includes Bibliography 218-220 pg
|
| 500 |
|
|
|a Includes Index 221-224 pg
|
| 650 |
|
0 |
|a Earrings
|x History
|
| 700 |
0 |
|
|a Triossi, Amanda
|
| 999 |
|
|
|a 0000749418
|b Book
|c Adult Collection
|e Cawangan Pontian
|